000 01231nam0a22002651 4500
001 rc\1013831
005 20041129102320.7
035 _a(NLR Aleph) 006179141
090 _a6046675
_c6046675
100 _a20041129d1981 u |0rusy50 ca
101 0 _arus
102 _aRU
105 _aa |||||||||
200 1 _aМагаданский мамонтенок Mammuthus primigenius (Blumenbach)
_e[Сб. статей]
_fАН СССР, Секция хим.-технол. и биол. наук и др.
_g[Отв. ред. Н.К. Верещагин, В.М. Михельсон
_gПредисл. Н.К. Верещагина]
210 _aЛ.
_cНаука. Ленингр. отд-ние
_d1981
215 _a295 с., 1 л. ил.
_cил.
_d22
300 _aВ надзаг. также: Зоол. ин-т, Ком. по изуч. мамонтов и мамонтовой фауны
320 _aБиблиогр. в конце статей
702 1 _aВерещагин
_bН. К.
_gНиколай Кузьмич
_4340
712 0 2 _aАН СССР
_bСекция хим.-технол. и биол. наук
_3RU\NLR\AUTH\8814262
801 0 _aRU
_bNLR
_gpsbo
801 1 _aRU
_bELAR
_2rusmarc
852 _aNLR
_j81-5/5733
942 _cBOOK
980 _aNB